000 00535nam a2200181Ia 4500
003 OSt
005 20200724130120.0
008 190216s9999||||xx |||||||||||||| ||und||
020 _a9971513811
040 _coclc
082 _a515.7
_bKRE/I
100 _aKreyszig, Erwin
_93735
245 0 _aIntroductory Functional Analysis With Applications /
_cErwin Kreyszig
260 _bJohn Wiley & Sons,
_c1989.
_aNew York:
300 _a688p
650 _aMathematics
942 _cBK
_2ddc
_h515.7
_iKRE/I
_k515.7
_mKRE/I
999 _c31807
_d31807